000 00325nam a2200145Ia 4500
100 _aTondo C.L & gimpel S.E
942 _cBK
654 _aC answer book
245 _aC answer book
260 _bPrentice Hall of India
_aNew Delhi
_c1991
082 _a001.6424C
_bTON/G
300 _a208
546 _aENGLISH
999 _c20293
_d20293